La discographie de Jisoo - Statistiques

Statistiques générales
  • Ce quiz a été pris 38 fois
    12 depuis la dernière actualisation
  • Le résultat moyen est 6 sur 7
Statistiques - réponses
Réponse % Correct
Flower
100%
All Eyes On Me
82%
Earthquake
82%
Eyes Closed
82%
Hugs & Kisses
82%
Your Love
82%
Tears
73%
Aucun quiz correspondant
Distribution des résultats
% des personnes avec chaque résultat
Percentile par nombre de réponses
Votre historique - résultats
Vous n’avez pas pris ce quiz depuis la dernière actualisation